000 00245nam a2200097Ia 4500
001 1158655
005 20250827011306.0
008 250824s9999 xx 000 0 und d
245 0 _aKURTLAR SOFRASINDA
_cHANS FALLADA
260 _bKETEBE YAYINLARI
999 _c1158655
_d1158655